000 01176nam2a2200265 i 4500
001 RU\NLR\BIBL_A\011165261
005 20240729064011.0
010 _a9785971030980
021 _aRU
_b2016-46388
_92984
035 _a(NLR Aleph) 011165261
090 _a11738286
_c11738286
100 _a20160623d2016 u y0rusy50 ca
101 0 _arus
_deng
_dger
102 _aRU
105 _ay|||z|||000yy
200 1 _aЛитота - Перцепция
210 _d2016
215 _a228 с.
300 _aРез. на англ. и нем. яз.
320 _aБиблиогр.: с. 222-225
461 0 _1001RU\NLR\BIBL_A\011181397
_12001#$aАнтология разговорной речи$eнекоторые аспекты теории$eв 5 т.$fВ. К. Харченко$vТ. 2
_1700#1$aХарченко$bВ.К.$gВера Константиновна$f1949 -$3RU\NLR\AUTH\7714297
_911821598
_aХарченко, В.К. (1949 -)
_cМосква
_d2016
_fВ. К. Харченко
_nURSS
_oнекоторые аспекты теории : в 5 т.
_tАнтология разговорной речи
_vТ. 2
942 _cBOOK
980 _aNBR